| 000 | 00843nam a22001577a 4500 | ||
|---|---|---|---|
| 003 | OSt | ||
| 005 | 20151006092633.0 | ||
| 008 | 151006b xxu||||| |||| 00| 0 eng d | ||
| 040 | _cRUA | ||
| 082 | _aAVM SAN 2003 B074 Or.1 | ||
| 100 |
_92104 _aSANVUTH, PHERKDEY. |
||
| 245 | _astudy on growth rate of quality by using cassava leave meal in basic diets at research station of RUA (ការសិក្សាពីអត្រាលូតលាស់របស់ក្រួចដោយប្រើប្រាស់ម្សៅស្លឹកដំឡូងមីជាចំណីគ្រឹះ នៅស្ថានីយ៍ចិញ្ចឹមសត្វនៃសាកលវិទ្យាល័យភូមិន្ទកសិកម្ម) | ||
| 260 |
_aPhnom Penh _bRUA _c2003 |
||
| 300 |
_aix, 35p. _bill. _c29cm. |
||
| 942 |
_2ddc _cAVM |
||
| 999 |
_c1983 _d1983 |
||